| 000 | 02488cam a22003735i 4500 | ||
|---|---|---|---|
| 999 |
_c27639 _d27610 |
||
| 001 | 19011456 | ||
| 003 | EG-ScBUE | ||
| 005 | 20190922141131.0 | ||
| 008 | 160310t2016 cau f b 001 0 eng d | ||
| 020 | _a9781503600317 | ||
| 040 |
_aCSt/DLC _beng _erda _cCSt _dDLC _dEG-ScBUE |
||
| 043 |
_ama----- _aa-sy--- _af-ua--- |
||
| 082 | 0 | 4 |
_a909.097492708312 _bACH _222 |
| 100 | 1 |
_aAchcar, Gilbert, _eauthor. _940000 |
|
| 245 | 1 | 0 |
_aMorbid symptoms : _brelapse in the Arab uprising / _cGilbert Achcar. |
| 264 | 1 |
_aStanford, California : _bStanford University Press, _c[2016] |
|
| 264 | 4 | _cc2016 | |
| 300 |
_axi, 226 pages ; _c23 cm. |
||
| 336 |
_atext _btxt _2rdacontent |
||
| 337 |
_aunmediated _bn _2rdamedia |
||
| 338 |
_avolume _bnc _2rdacarrier |
||
| 490 | 0 | _aStanford studies in Middle Eastern and Islamic societies and cultures | |
| 504 | _aIncludes bibliographical references and index. | ||
| 505 | 0 | _aIntroduction : of revolutionary cycles and seasons -- "Democratic transition" and revolutionary process -- One revolution, two counter-revolutions -- Syria : the clash of barbarisms -- The abandonment of the Syrian people -- The making of the Syrian disaster -- The Assad regime's preferred enemy -- Turkey's and the Gulf monarchies' preferred friends -- The Syrian predicament -- Russian intervention and Western wavering -- Whither Syria? -- Egypt : the "23 July" of Abdul-Fattah al-Sisi -- How the Muslim Brotherhood's bid for power unfolded -- Neither lion nor fox -- Incensing the country -- Enter Tamarrod -- Nasserist illusions -- The military's second hijacking of the people's will -- The ruthless rise of Abdul-Fattah al-Sisi -- The tailoring of Sisi's presidential suit -- The farcical aspect of Egypt's tragedy -- Neoliberal constancy -- Megalomania and megaprojects -- The military's takeover of Egypt -- Whither Egypt? -- Conclusion : "Arab winter" and hope -- Libya and Yemen : two variations on the same tune -- The Tunisian "model" and its limits -- The Arab left and the strategic challenge. | |
| 650 | 7 |
_aArab Spring, 2010- _2BUEsh |
|
| 650 | 7 |
_aProtest movements _zArab countries. _2BUEsh |
|
| 651 | 7 |
_aSyria _xHistory _yCivil War, 2011- _2BUEsh |
|
| 651 | 7 |
_aEgypt _xHistory _yProtests, 2011-2013. _2BUEsh |
|
| 651 | 7 |
_aSyria _xPolitics and government _y2000- _2BUEsh _932262 |
|
| 651 | 7 |
_aEgypt _xPolitics and government _y21st century. _2BUEsh |
|
| 653 |
_bMASPPSS _cSeptember2019 |
||
| 942 |
_2ddc _cBB |
||